| 000 | 00741nac a22001811u 4500 | ||
|---|---|---|---|
| 082 |
_a297.272 _bA122 |
||
| 090 |
_c5073 _d5073 |
||
| 100 | _a20080729 | ||
| 245 |
_aIslamic political radicalism : _b European perspective / _c edited by Tahir Abbas |
||
| 260 |
_aEdinburgh : _b Edinburgh University Press,2007 _c2007 |
||
| 300 |
_axiv, 306 p. ; _c 24 cm |
||
| 504 | _aIncludes bibliographical references and index. | ||
| 650 |
_aIslam and politics _z Europe. |
||
| 650 |
_aRadicalism _z Europe. |
||
| 700 |
_aAbbas, Tahir, _d 1970- |
||
| 942 |
_cBB _k297.272 A122 |
||
| 999 |
_c5073 _d5073 |
||